Quizzes
Events
Quiz Creation
Community
Videos
Private Events
Remove Ads
Sign In
Join for FREE
Feedback
Dark Mode
Quiz Categories
Sports
Geography
Music
Movies
Television
Just For Fun
Miscellaneous
History
Literature
Language
Science
Gaming
Entertainment
Religion
Holiday
For Kids
Quiz Lab
Recent
Popular Today
Quiz Kudos Today
Editor Picks
Curator Picks
Quizzes by...
Day
Popularity
Type
Ratings
Length
Year
Community
Subscriptions
Recent Discussions
Orange Saloon
Badges
Playlists
Quests
Create
Leaderboards
Showdown
Live 5
Trivia Bingo
Activity
Puzzle Library
Sporcle Events
Private Events
Virtual Trivia
Globe League
Become a Host
Pub Owners
SporcleCon
Opinionation
Our Games
Videos
Blog
Mobile Apps
Partnerships
Remove Ads and Go Orange
Feedback
Sports
Athletes
MLB
NBA
NHL
NFL
Soccer
Sports Teams
WWE
NCAA
Football
Premier League
Basketball
Baseball
Hockey
Golf
Tennis
Cricket
Rugby
Auto Racing
Olympics
World Cup
Sports
Athletes
MLB
NBA
NHL
NFL
Soccer
Sports Teams
WWE
NCAA
Football
Premier League
Basketball
Baseball
Hockey
Golf
Tennis
Cricket
Rugby
Auto Racing
Olympics
World Cup
Random Quiz
Search Sporcle
×
Quiz Lab
Quiz Lab
Sports
NFL
Type in answers that appear in a list
Type in answers that appear in a list
Classic
Best Score? Go Orange.
NFL Mascots Stats
Can you name the NFL team from their official mascot's name?
By
TubeChat
5m
24 Questions
101 Plays
101 Plays
101 Plays
Comments
Comments
Give Quiz Kudos
Give Quiz Kudos
-
- Ratings
hide this ad
More Info
Forced Order
Answers have to be entered in order
Answers have to be entered in order
Replay
Link that replays current quiz
Next Quiz
Link to next quiz in quiz playlist
You Got
0%
They Got
Avg Score
53%
Avg Friend Score
Upgrade to see
Score Distribution
Jump to the score distribution portion of the page
Score
0/24
Timer
05:00
0
Plays Today
Mascot
NFL Team
% Correct
K.C. Wolf/
Warpaint
Kansas City Chiefs
79.2%
Jaxson de Ville
Jacksonville Jaguars
78.2%
Steely McBeam
Pittsburgh Steelers
76.2%
Viktor/
Ragnar
Minnesota Vikings
70.3%
Pat
New England Patriots
70.3%
Sir Purr
Carolina Panthers
68.3%
Rowdy
Dallas Cowboys
61.4%
Big Red
Arizona Cardinals
61.4%
Blitz/
Swoop
Philadelphia Eagles
60.4%
Captain Fear
Tampa Bay Buccaneers
58.4%
Gumbo
New Orleans Saints
52.5%
Blue
Indianapolis Colts
50.5%
Mascot
NFL Team
% Correct
Sourdough Sam
San Francisco 49ers
49.5%
Who Dey
Cincinnati Bengals
47.5%
Billy
Buffalo Bills
45.5%
Rampage
St. Louis Rams
43.6%
Staley
Chicago Bears
42.6%
Roary/
Theo
Detroit Lions
42.6%
Freddie
Atlanta Falcons
40.6%
Blitz/
Taima
Seattle Seahawks
39.6%
Toro
Houston Texans
36.6%
T-
Rac
Tennessee Titans
35.6%
T. D.
Miami Dolphins
34.7%
Chomps
Cleveland Browns
33.7%
Quiz Playlist
Details
Report
Send in Message
Add To Playlist
More Info:
NOT EVERY NFL TEAM HAS AN OFFICIAL MASCOT
Classic:
Type in answers that appear in a list
Forced Order:
Answers have to be entered in order
Last Updated: Feb 16, 2017
Quiz Scoreboard
CHALLENGE
Sign Up to Join the Scoreboard
Show All
Scores
Hide
Comments
May contain spoilers
Recently Published
Billboard Blitz: Fleetwood Mac
by CooCooCachoo
Music
15s
Presidents Visiting Landmarks
by Hejman
History
7m
An Introduction to Baseball
by treessimontrees
Sports
5m
More to Explore
Quiz From the Vault
Featured Blog Post
Where Did the Easter Bunny Come From?
hide this ad
You Might Also Like...
Tags
NFL Quiz
mascot
official
team
Today's Top Quizzes in Sports
Browse Sports
hide this ad
Today's Top Quizzes in NFL
Browse NFL
Top Contributed Quizzes in Sports
1
Les meilleurs buteurs des matchs entre le PSG et l’OM
2
2022 World Cup Stars
3
FIFA Club World Cup Champions
4
Les entraîneurs de l'OM et du PSG au 21e siècle
5
Criteria MLB: Left Handed Sluggers
6
Name the Premier League winners with different clubs
7
5-to-1: UK Sports Teams
8
AFC Teams Reveal (Wrong Answers Minefield)
9
Players with Multiple 50 Home Run Seasons
10
5-to-1: FBS Animal Nicknames
Explore More
Trending Topics
Marvel
Crossword
Anime
Disney
Harry Potter
Kpop
NBA
The Office
Country
Puzzle
Song
WWE
Soccer
NFL
Pokémon
hide this ad
More By:
TubeChat
Quiz
Plays
Rating
Category
Featured
Created
20 Famous Movie Weddings
54,944
4.34
Movies
Apr 9, 2011
16 Animated Kids
45,915
4.32
Entertainment
Jun 9, 2011
Star Trek Casts
40,165
4.28
Television
Apr 7, 2010
16 Fictional Primates
23,700
4.13
Entertainment
Jan 5, 2011
Harry Potter Pics 3
3,134
3.74
Entertainment
Sep 13, 2010
Go to Creator's Profile
Score Distribution
Quiz Creator Spotlight
TubeChat
Follow
Send a Message
Quizzes Created
-
Created Quiz Play Count
-
More By This Creator
Popular Quizzes Today
1
Find the US States - No Outlines Minefield
2
Find the Countries of Europe - No Outlines Minefield
3
The Countries of the World
4
Find the US States
5
US States
6
Popular People in 1961
7
Risky Map Clicking: Biggest States A-Z
8
Movies - When Are They Set?
More Sports Quizzes
NBA 2020-2021 Season Leaders
Quiz Lab
Trending Quizzes
Risky Map Clicking: Least Populous States A-Z
1-10 Letter G Words
1-10 Letter F Words
Risky Map Clicking: Next State Alphabetically
Risky Map Clicking: Biggest States A-Z
Recently Updated
Leaping Animals
pecheneg
Reality TV Shows (A-Z)
bhenderson79
Rickey Henderson's Hall of Fame Teammates
pecheneg
Champions League XIs: Arsenal
pecheneg
Quick Pick: Celebrities in WWE's Hall of Fame
aduchscher
A-Z Keypad Blitz II
pecheneg
Multiple Oscar Actors
pecheneg
Mystery Phrase Blitz: Oscar 'Best Actors'
pecheneg
F. Scott Fitzgerald Novels
LTH
Pick 3 Villains
ddd62291
Trending Topics
Kpop
Crossword
NBA
Anime
Disney
Harry Potter
Marvel
Pokémon
Country
WWE
Song
NFL
Soccer
The Office
Puzzle
Your Account Isn't Verified!
In order to create a playlist on Sporcle, you need to verify the email address you used during registration. Go to your
Sporcle Settings
to finish the process.
Report this User
Report this user for behavior that violates our
Community Guidelines
.
Details:
Send Report
Go to the Sporcle.com Mobile Site →
Comments